01095nam a2200301 a 450000100060000000300080000600500170001400800410003102000150007203500190008704000320010604100080013808200260014610000290017224502270020126000360042830000330046450400410049765000290053865000340056765000300060165000180063165000190064965000210066870000430068970000400073271000210077245004BD-RjUL20211209053940.0160721s1976 maua b 001 0 eng  a0262070677 a(BD-RjUL)45122 aDLCcDLCdDLCdBD-RjULbeng aeng00a613.943223bGRR 19761 aGreep, Roy Orval,d1905-10aReproduction and human welfare :ba challenge to research : a review of the reproductive sciences and contraceptive development /cSponsored by the Ford Foundation ; Roy O. Greep, Marjorie A. Koblinsky, Frederick S. Jaffe. aCambridge :bMIT Press,cc1976. axx, 622 p. :bill. ;c24 cm. aIncludes bibliographies and indexes. 0aContraceptionxResearch. 0aHuman reproductionxResearch. 0aContraceptivesxResearch. 2aReproduction. 2aContraception. 2aFamily planning.1 aKoblinsky, Marjorie A.,ejoint author.1 aJaffe, Frederick S.,ejoint author.2 aFord Foundation.